000 01161nam a2200385 a 4500
003 AR-BaBNM
005 20251128210205.0
008 082120s2002 ||||||||||||||000 | spa||
020 _a84-7884-129-6
040 _cAR-BaBNM
245 0 0 _aEducación intercultural
_banálisis y resolución de conflictos
250 _a2ª ed.
260 _aMadrid
_bPopular
_c1996
300 _a270 p.
_bil., tablas
490 0 _aTiempo libre
_vv. 1
500 _aPremio Educación y Sociedad del MEC, 1994
500 _aLos autores del texto conforman el Colectivo AMANI
504 _aContiene bibliografía p. 261-262
650 4 _aEDUCACION MULTICULTURAL
650 4 _aTIEMPO LIBRE
650 4 _aCONFLICTO
650 4 _aSOLUCION DE CONFLICTOS
650 4 _aCULTURA
650 4 _aESTRUCTURA DEL GRUPO
650 4 _aDINAMICA DE GRUPO
650 4 _aCONDUCTA DEL GRUPO
700 1 _aAguilera Reija, Beatríz
700 1 _aGómez Lara, Juan
700 1 _aMorollón Pardo, Mar
700 1 _aVicente Abad, Juan de
800 1 _aMartínez, Luz
_ecoordinador
810 2 _aEscuela de Animación y Educación Juvenil
942 _cBK
998 _cRaquel
999 _c14443
_d14443